| 000 | 01326nam0a22002531 4500 | ||
|---|---|---|---|
| 001 | rc\2809529 | ||
| 005 | 20230605113116.0 | ||
| 035 | _a(NLR Aleph) 006935398 | ||
| 090 |
_a7590821 _c7590821 |
||
| 100 | _a20110915d1936 |||y0rusy50 ca | ||
| 101 | 0 | _arus | |
| 102 | _aRU | ||
| 105 | _aa z ||||| | ||
| 200 | 1 |
_aПланирование производства и оперативный учет при диспетчерской системе управления _e(Опыт Оптико-механич. завода им. ОГПУ) _fИнж. Е. А. Герасимов, инж.-эк. А. С. Котляр _gНауч.-иссл. сектор Ленингр. инж.-экон. ин-та им. т. Молотова |
|
| 210 |
_aЛенинград _aМосква _cОнти. Сектор стандартов и лит-ры по стандартизации _d1936 _e[Ленинград] _g1 тип. Изд-ва Ленингр. облисполкома и Ленсовета |
||
| 215 |
_aОбл., 100 с. _cил. _d23х15 см. |
||
| 700 | 1 |
_aГерасимов _bЕ. А. _gЕвгений Александрович |
|
| 701 | 1 |
_aКотляр _bА. С. _gАлександр Савельевич |
|
| 801 | 0 |
_aRU _bNLR _gpsbo |
|
| 801 | 1 |
_aRU _bELAR _2rusmarc |
|
| 852 |
_aNLR _j36-4/2051 |
||
| 942 | _cBOOK | ||
| 980 | _aNB | ||